LEADER 00911nam0-22002891i-450- 001 990001875980403321 005 20021010 035 $a000187598 035 $aFED01000187598 035 $a(Aleph)000187598FED01 035 $a000187598 100 $a20021010d--------km-y0itay50------ba 101 0 $aita 200 1 $aEssai sur les resultats immediats et eloignes du traitement des acces mixte, novarsenobenzol - quinine$fAlfred Morali. 210 $aParis$cVigot Freres Ed.$d1918. 215 $a78 p.$d23 cm 610 0 $aIgiene ambientale 676 $a614.432 700 1$aMorali,$bAlfred$0358701 801 0$aIT$bUNINA$gRICA$2UNIMARC 901 $aBK 912 $a990001875980403321 952 $a60 MISC. B 163/3$b$fFAGBC 959 $aFAGBC 996 $aEssai sur les resultats immediats et eloignes du traitement des acces mixte, novarsenobenzol - quinine$9400701 997 $aUNINA DB $aING01 LEADER 00801nam0-22003131i-450- 001 990003088500403321 035 $a000308850 035 $aFED01000308850 035 $a(Aleph)000308850FED01 035 $a000308850 100 $a20000920d1987----km-y0itay50------ba 101 0 $aita 102 $aIT 200 1 $a<>grande crisi$eil 1987 come il 1929?$fSiro Lombardini. 210 $aBari$cCacucci$d1987. 215 $a152 p.$d20 cm 610 0 $aCicli economici 610 0 $aStoria economica 676 $aE/5 676 $aF/5 700 1$aLombardini,$bSiro$f<1924- >$032589 801 0$aIT$bUNINA$gRICA$2UNIMARC 901 $aBK 912 $a990003088500403321 952 $aE/5 LOM$b5704$fSES 959 $aSES 996 $aGrande crisi$9460591 997 $aUNINA DB $aING01